00424pab a2200133 454500008004000000100002000040245008600060260000900146300001500155362001200170650004200182650002800224773003800252180718b2003 xxu||||| |||| 00| 0 eng d aTenhunen, Sipra aCulture and political agency: gender, kinship and village politics in West Bengal c2003 ap.495-520. aSep-Dec aWest Bengal - Politics and government aPolitics and government aContributions to Indian Sociology